<?xml version="1.0" encoding="UTF-8"?><?xml-stylesheet type="text/xsl" href="static/style.xsl"?><OAI-PMH xmlns="http://www.openarchives.org/OAI/2.0/" xmlns:xsi="http://www.w3.org/2001/XMLSchema-instance" xsi:schemaLocation="http://www.openarchives.org/OAI/2.0/ http://www.openarchives.org/OAI/2.0/OAI-PMH.xsd"><responseDate>2026-04-18T07:24:32Z</responseDate><request verb="GetRecord" identifier="oai:www.recercat.cat:10459.1/468167" metadataPrefix="marc">https://recercat.cat/oai/request</request><GetRecord><record><header><identifier>oai:recercat.cat:10459.1/468167</identifier><datestamp>2025-09-15T18:34:29Z</datestamp><setSpec>com_2072_3622</setSpec><setSpec>col_2072_479130</setSpec></header><metadata><record xmlns="http://www.loc.gov/MARC21/slim" xmlns:dcterms="http://purl.org/dc/terms/" xmlns:xsi="http://www.w3.org/2001/XMLSchema-instance" xmlns:doc="http://www.lyncode.com/xoai" xsi:schemaLocation="http://www.loc.gov/MARC21/slim http://www.loc.gov/standards/marcxml/schema/MARC21slim.xsd">
   <leader>00925njm 22002777a 4500</leader>
   <datafield ind2=" " ind1=" " tag="042">
      <subfield code="a">dc</subfield>
   </datafield>
   <datafield ind2=" " ind1=" " tag="720">
      <subfield code="a">Teixidó, Óscar</subfield>
      <subfield code="e">author</subfield>
   </datafield>
   <datafield ind2=" " ind1=" " tag="720">
      <subfield code="a">Carcacía Campos, Isaac</subfield>
      <subfield code="e">author</subfield>
   </datafield>
   <datafield ind2=" " ind1=" " tag="260">
      <subfield code="c">2024</subfield>
   </datafield>
   <datafield ind2=" " ind1=" " tag="520">
      <subfield code="a">Una respuesta al debate metafilosófico sobre si hay o no unos criterios regulativos en filosofía cómo área de investigación lo ofrece la denominada filosofía sintética. Dentro de esta posición se propone una forma de abordar toda la filosofía y teorizar en base a diferentes criterios propuestos, que suelen ser generalmente: la claridad semántica, la coherencia interna, la coherencia externa con las ciencias y la fecundidad teórica con otros campos de estudio. Estos criterios de corte naturalista a su vez se ofrecen como debatibles y ampliables a otros criterios. Se razonará la necesidad de demarcar la filosofía, y, poniendo el foco en su metodología, se argumentarán los previos criterios con tal de fomentar la filosofía sintética como marco general de trabajo filosófico riguroso. Esto excluye de la disciplina tanto aquello que no sea filosófico como aquello que intente emular la filosofía sin serlo en verdad, la pseudofilosofía.</subfield>
   </datafield>
   <datafield ind2=" " ind1=" " tag="520">
      <subfield code="a">A response to the metaphilosophical debate on whether or not there are regulative criteria in philosophy as an area of research is offered by the so-called synthetic philosophy. This position proposes a way of approaching all philosophy and theorizing on the basis of different proposed criteria, which are generally: semantic clarity, internal coherence, external coherence with the sciences and theoretical fecundity with other fields of study. These naturalistic criteria, in turn, are offered as debatable and extendable to other criteria. The need to demarcate philosophy will be reasoned, and, focusing on its methodology, the previous criteria will be argued in order to promote synthetic philosophy as a general framework of rigorous philosophical work. It excludes from the discipline both that which is not philosophical and that which tries to emulate philosophy without really being so, pseudophilosophy.</subfield>
   </datafield>
   <datafield tag="653" ind2=" " ind1=" ">
      <subfield code="a">Filosofía sintética</subfield>
   </datafield>
   <datafield tag="653" ind2=" " ind1=" ">
      <subfield code="a">Naturalismo</subfield>
   </datafield>
   <datafield tag="653" ind2=" " ind1=" ">
      <subfield code="a">Metafilosofía</subfield>
   </datafield>
   <datafield ind2="0" ind1="0" tag="245">
      <subfield code="a">La filosofía sintética: ¿Qué es y por qué todo filósofo dedicado a la investigación debería adoptarla?</subfield>
   </datafield>
   <datafield ind2="0" ind1="0" tag="245">
      <subfield code="a">Synthetic philosophy: What is it and why should every researcher philosopher adopt it</subfield>
   </datafield>
</record></metadata></record></GetRecord></OAI-PMH>